000 00353 a2200169 4500
001 184802
020 _a85-262-7991-9
040 _cMagnum
100 _aBraga,edson Rocha
240 1 0 _aSimbá, o marujo
_lpor
245 1 0 _aSimbá, o marujo
300 _a47
362 0 _a2014
440 1 _aScipione
697 _aLITERATURA INFANTO
942 _cBK
999 _c184802
_d184802